| 000 | 01113nac a22002891u 4500 | ||
|---|---|---|---|
| 999 |
_c1646 _d1646 |
||
| 003 | EG-ScBUE | ||
| 005 | 20200108104018.0 | ||
| 008 | 200108t1972 nyu f b 001 0 eng d | ||
| 040 |
_aEG-ScBUE _beng _erda _cEG-ScBUE _dEG-ScBUE |
||
| 082 | 0 | 4 |
_a808.8004 _bNOM _222 |
| 100 | _a | ||
| 245 | 1 | 0 |
_aNommo : _ban anthology of modern black African and black American literature / _cedited by William H. Robinson, director of black studies, Rhode Island College. |
| 264 | 1 |
_aNew York : _bThe Macmillan Company, _c[1972] |
|
| 264 | 4 | _cc 1972 | |
| 300 |
_axvi, 501 pages ; _c24 cm |
||
| 336 |
_2rdacontent _atext _btxt |
||
| 337 |
_2rdamedia _aunmediated _bn |
||
| 338 |
_2rdacarrier _avolume _bnc |
||
| 504 | _aIncludes bibliographical references and index. | ||
| 650 | 7 |
_aAmerican literature _xAfrican American authors. _2BUEsh |
|
| 650 | 7 |
_aAfrican Americans _vLiterary collections. _2BUEsh |
|
| 650 | 7 |
_aAfrican literature _xBlack authors. _2BUEsh |
|
| 653 |
_bHHUUEENN _cJanuary2020 |
||
| 655 | _vReading book | ||
| 700 | 1 |
_aRobinson, William Henry, _d1922- _eeditor. |
|
| 942 |
_k808.8004R6581 _2ddc _cBB |
||